| 000 | 00486cas a22001815a 4500 | ||
|---|---|---|---|
| 001 | L138720 | ||
| 008 | 070704d1947 ii mr p 0 a0eng u | ||
| 035 | _a(Sirsi) u138720 | ||
| 041 | 0 | _aeng | |
| 110 | 2 |
_aSurvey of India _92931 |
|
| 245 | 0 | 0 |
_aMonthly News Letter _bSurvey of India |
| 260 |
_aS.l. _bSurvey of India _c1947- |
||
| 362 | 0 | _a(3) August 1949-(138) April 1959 | |
| 554 | _a12 per year | ||
| 651 | 4 | _aIndia | |
| 690 | _aENVIRONMENTAL AND LAND CONSULTANCY | ||
| 942 | _n0 | ||
| 999 |
_c119017 _d119017 |
||